| 000 | 00564nam a2200205Ia 4500 | ||
|---|---|---|---|
| 003 | GCL | ||
| 008 | 140319s9999 xx 000 0 ara d | ||
| 040 |
_aGCL / _cGCL |
||
| 082 | 0 | 4 |
_a914.204 _bم ر |
| 100 | 1 | _aمصطفى بهجت بدوى | |
| 245 | 1 | 0 |
_aرحلات جادة مرحلة / _cمصطفى بهجت بدوى |
| 300 | _a399 | ||
| 490 |
_aكتاب الجمهورية _v0 |
||
| 650 | 0 | 4 | _aالادب |
| 650 | 0 | 4 | _aالرحلات |
| 650 | 0 | 4 | _aالرحالة العرب |
| 650 | 0 | 4 | _aالعالم |
| 650 | 0 | 4 | _aوصف ورحلات |
| 942 |
_2ddc _cBK |
||
| 999 |
_c41090 _d41090 |
||